Statystyki dla Państwa z Lidlem

Kliknij tutaj aby rozwiązać quiz!

Ogólne statystyki

  • Ten quiz został rozwiązany 449 razy
  • Średni wynik to 24 z 29

Statystyki odpowiedzi

Państwa% Poprawnych
Polska
99%
Niemcy
98%
Czechy
94%
Francja
93%
Hiszpania
93%
Włochy
92%
Słowacja
91%
Portugalia
90%
Szwecja
89%
Wielka Brytania
89%
Austria
88%
Belgia
88%
Holandia
87%
Litwa
86%
Finlandia
85%
Chorwacja
84%
Dania
84%
Słowenia
82%
Szwajcaria
82%
Grecja
81%
Węgry
80%
Irlandia
78%
Rumunia
78%
Bułgaria
77%
Serbia
75%
Stany Zjednoczone
74%
Australia
50%
Malta
46%
Cypr
45%

Rozkład punktacji

Percentyl według liczby udzielonych odpowiedzi

Procent ludzi z każdym wynikiem

Twoja historia wyników

Nie rozwiązałeś tego quizu